Deleuze educador (Registro nro. 83883)

Detalles MARC
001 - NÚMERO DE CONTROL
campo de control 194682
005 - FECHA Y HORA DE LA ÚLTIMA TRANSACCIÓN
campo de control 20260130100612.0
008 - DATOS DE LONGITUD FIJA--INFORMACIÓN GENERAL
campo de control de longitud fija 980603e19960401 spa
035 ## - NÚMERO DE CONTROL DEL SISTEMA
Número de control de sistema 194682
035 ## - NÚMERO DE CONTROL DEL SISTEMA
Número de control de sistema (OCoLC)819762812
040 ## - FUENTE DE LA CATALOGACIÓN
Centro/agencia transcriptor comduadb
041 ## - CÓDIGO DE LENGUA
Código de lengua del texto/banda sonora o título independiente spa
245 10 - MENCIÓN DE TÍTULO
Título Deleuze educador
600 14 - PUNTO DE ACCESO ADICIONAL DE MATERIA--NOMBRE DE PERSONA
Nombre de persona Deleuze, Gilles,
Fechas asociadas al nombre 1925-1995
Código de función aut
Número de control del registro de autoridad o número normalizado (isni)0000 0001 2277 323X
-- (viaf)22140703
9 (RLIN) 504264
650 ## - PUNTO DE ACCESO ADICIONAL DE MATERIA--TÉRMINO DE MATERIA
Término de materia o nombre geográfico como elemento de entrada Deleuze, Gilles, 1925-1995 - Pensamiento filosófico
9 (RLIN) 36627
650 ## - PUNTO DE ACCESO ADICIONAL DE MATERIA--TÉRMINO DE MATERIA
Término de materia o nombre geográfico como elemento de entrada Guattari, Félix, 1930-1992
9 (RLIN) 24350
700 10 - ENTRADA AGREGADA--NOMBRE PERSONAL
Nombre de persona Schérer, René,
Fechas asociadas al nombre 1922-
Código de función aut
Número de control del registro de autoridad o número normalizado (isni)0000 0001 2120 1256
-- (viaf)9853394
Término indicativo de función/relación Autor/a
773 0# - ENLACE AL DOCUMENTO FUENTE/ENTRADA DE REGISTRO ANFITRIÓN
Título Revista Universidad del Valle (Cali)
Parte(s) relacionada(s) No. 13, Abr. 1996, p. 150-152
Número de control del registro 184364
Número Internacional Normalizado para Publicaciones Seriadas 0120-4696
Número bibliográfico anfitrión 83290
942 ## - ELEMENTOS DE ENTRADA AGREGADA (KOHA)
Tipo de ítem Koha Artículo de Revista

No hay ítems disponibles.